Library Banner

Islami Inqilab aur hamari zimmah dariyan (Urdu) (Record no. 21237)

MARC details
000 -LEADER
fixed length control field 00426nam a2200157Ia 4500
001 - CONTROL NUMBER
control field 20916
008 - FIXED-LENGTH DATA ELEMENTS--GENERAL INFORMATION
fixed length control field 140408s9999 xx 000 0 und d
040 ## - CATALOGING SOURCE
Transcribing agency PK-LaUMT
082 ## - DEWEY DECIMAL CLASSIFICATION NUMBER
Classification number 297.4
Item number GHU-I
100 ## - MAIN ENTRY--PERSONAL NAME
Personal name Ghulam Fareed Bhatti
245 ## - TITLE STATEMENT
Title Islami Inqilab aur hamari zimmah dariyan (Urdu)
Statement of responsibility, etc Ghulam Fareed Bhatti
260 ## - PUBLICATION, DISTRIBUTION, ETC. (IMPRINT)
Place of publication, distribution, etc Lahore,Pakistan:
Name of publisher, distributor, etc Islamic Publications,
Date of publication, distribution, etc 1992
300 ## - PHYSICAL DESCRIPTION
Extent 24 p.
546 ## - LANGUAGE NOTE
Language note UR
942 ## - ADDED ENTRY ELEMENTS (KOHA)
Koha item type Books
Holdings
Withdrawn status Lost status Source of classification or shelving scheme Damaged status Not for loan Home library Current library Date acquired Total Checkouts Full call number Barcode Date last seen Price effective from Koha item type Date checked out
    Dewey Decimal Classification     UMT Main Campus UMT Main Campus 2014-04-08   297.4 GHU-I 1817 2014-04-23 2014-04-23 Books  
    Dewey Decimal Classification     UMT Main Campus UMT Main Campus 2014-06-19 1 297.4 GHU-I 17359 2017-10-16 2014-06-19 Books 2017-10-11